| 000 | 00410nam a2200145Ia 4500 | ||
|---|---|---|---|
| 008 | 151015s9999 xx 000 0 und d | ||
| 020 | _a3097173 | ||
| 050 | _aPE 1128 .H 1995 | ||
| 245 | _aWinston Rinehart Holt | ||
| 250 | _a_English Workshop Introductory course | ||
| 300 | _aU.S.A Harcourt brace 1995 | ||
| 500 | _aincludes Index | ||
| 650 | _a_creative writing | ||
| 700 | _a^d20120827 12:02:17^okorir | ||
| 999 |
_c3556 _d3556 |
||